Daňová reforma v Slovenskej republike z hľadiska podnikateľskej sféry i občanov

Daňové reformy a ich vplyv na daňovníkov SR. Zmeny v daňovej oblasti z hľadiska podnikateľskej sféry. Prieskum vnímania zmien v daňovej oblasti podnikateľskými subjektami. Výsledky prieskumu za oblasť zdaňovania príjmov: spravodlivosť rovnej dane, prehľadnosť a zrozumiteľnosť zákona č. 595/2003 Z....

Descrizione completa

Salvato in:
Dettagli Bibliografici
Autore principale: Ďurinová, Ivona, 1964-
Natura: Capitolo di libro
Lingua:slovacco
Soggetti:
Tags: Aggiungi Tag
Nessun Tag, puoi essere il primo ad aggiungerne!!

MARC

LEADER 00000naa$a2200000$$$4500
001 0049516
005 20240502083131.0
041 0 |a slo 
044 |a CZ 
245 1 0 |a Daňová reforma v Slovenskej republike z hľadiska podnikateľskej sféry i občanov  |c Ivona Ďurinová 
520 |a Daňové reformy a ich vplyv na daňovníkov SR. Zmeny v daňovej oblasti z hľadiska podnikateľskej sféry. Prieskum vnímania zmien v daňovej oblasti podnikateľskými subjektami. Výsledky prieskumu za oblasť zdaňovania príjmov: spravodlivosť rovnej dane, prehľadnosť a zrozumiteľnosť zákona č. 595/2003 Z. z. o dani z príjmov, správnosť vypustenia výnimiek a úľav a oslobodení, vplyv novej právnej úpravy na reklamnú činnosť, vplyv novej právnej úpravy zdaňovania príjmov na investičné aktivity podnikateľov, hodnotenie právnej úpravy odpisovania, hodnotenie podmienok umorovania straty, vplyv rovnej dane na daňové úniky, najväčšie negatíva. Výsledky prieskumu za oblasť dane z pridanej hodnoty: prehľadnosť a zrozumiteľnosť zákona č.222/2004 Z. z. o dani z pridanej hodnoty, zavedenie jednej sadzby DPH, najväčšie pozitíva a negatíva. 
610 2 0 |a odpisy daňové 
610 2 0 |a úľavy daňové 
610 2 0 |a reklama 
610 2 0 |a dane priame 
610 2 0 |a dane nepriame 
610 2 0 |a prieskum informačný 
610 2 0 |a občania 
610 2 0 |a podnikatelia 
610 2 0 |a Slovensko 
610 2 0 |a reformy daňové 
610 2 0 |a systémy daňové 
100 1 |a Ďurinová, Ivona, 1964-